Normal view
MARC view
Entry Personal Name
001 - CONTROL NUMBER
- control field: 4491
003 - CONTROL NUMBER IDENTIFIER
- control field: HDC
005 - DATE AND TIME OF LATEST TRANSACTION
- control field: 20230624073201.0
008 - FIXED-LENGTH DATA ELEMENTS
- fixed length control field: 210116|| aca||aabn | a|a d
040 ## - CATALOGING SOURCE
- Original cataloging agency: HDC
- Transcribing agency: HDC
100 ## - HEADING--PERSONAL NAME
- Personal name: Abdul Halim Ehsan
670 ## - SOURCE DATA FOUND
- Source citation: Work cat.: (HDC): Zhari Ismail author 4487, Halal Nutraceutical Market: Issues And Challenges / by , 2010
